000 00536nam a2200205 a 4500
001 000024242
003 DO-SdBNP
005 20230203102919.0
007 ta
008 110125s2001 dr 000 0 spa d
040 _aDO-SdBNP
_bspa
_cBNPHU
082 _axxx
_bG216m
_222
100 _aGarcía Carrasco, Félix,
_918191
245 1 0 _aMujer y Madre /
_cFélix García Carrasco.
260 _aSanto Domingo :
_bCiguapa,
_c2001.
300 _a24 p. ;
_c21 cm.
590 _aInventariado, 2023 / DG
910 _aDG
942 _2ddc
_cLBS1
999 _c23736
_d23736